000 00541 a2200193 4500
005 20260319102152.0
008 260318b |||||||| |||| 00| 0 eng d
020 _a9781041034650
_cRs. 1295.00
040 _aMAIN
082 _a954.03
_bS75T
100 _aSeth, Vijay K
245 _aTale of four Indian cities: Consequences of British empire on native centres of prosperity
260 _bRoutledge
_c2025
_aAbingdon
300 _aviii, 226
650 _aHistory
650 _aIndian-History
650 _aBritish Rules
942 _cBK
999 _c394900
_d394900